[Event "GER-chT Schools WK II"]
[Site "Verden an der Aller"]
[Date "2011.05.14"]
[Round "2.3"]
[White "Tong, Lukas Fabian Chuan"]
[Black "Lagunow, Raphael"]
[Result "1/2-1/2"]
[WhiteElo "1934"]
[BlackElo "1711"]
[PlyCount "85"]
[EventDate "2011.05.14"]
[EventType "team-swiss"]
[EventRounds "7"]
[EventCountry "GER"]
[SourceTitle "EXT 2022"]
[Source "ChessBase"]
[SourceDate "2021.10.06"]
[SourceVersion "1"]
[SourceVersionDate "2021.10.06"]
[SourceQuality "1"]
[WhiteTeam "Erlangen Ohm Gymn U17"]
[BlackTeam "Herder Gymn U17"]
[WhiteTeamCountry "GER"]
[BlackTeamCountry "GER"]

1. d4 Nf6 2. c4 c5 3. d5 b5 4. cxb5 a6 5. e3 d6 6. Nc3 g6 7. Nf3 Bg7 8. Bc4 0-0 9. 0-0 Nbd7 10. Qe2 Nb6 11. Rd1 Nxc4 12. Qxc4 axb5 13. Nxb5 Ba6 14. a4 Qb6 15. Ra3 Rfb8 16. Rb3 Bxb5 17. Rxb5 Qc7 18. Rd3 Nd7 19. b3 Rxb5 20. Qxb5 Ra5 21. Qc6 Qxc6 22. dxc6 Nb6 23. Bd2 Ra6 24. b4 cxb4 25. Bxb4 Rxa4 26. Rb3 Nd5 27. Be1 Rc4 28. Rb8+ Bf8 29. Rc8 e6 30. Nd4 Ne7 31. Rc7 e5 32. Nb5 Rxc6 33. Rd7 Nd5 34. g3 Kg7 35. Kg2 Nf6 36. Rb7 d5 37. Bc3 Re6 38. Bb2 Bc5 39. Rb8 Nd7 40. Rb7 Re7 41. f4 f6 42. fxe5 fxe5 43. Nc3 1/2-1/2

[Event "Nuremberg Zabo op 12th"]
[Site "Nuremberg"]
[Date "2010.09.18"]
[Round "3"]
[White "Tong, Lukas Fabian Chuan"]
[Black "Schilay, Andre"]
[Result "1-0"]
[WhiteElo "1932"]
[BlackElo "1643"]
[PlyCount "139"]
[EventDate "2010.09.17"]
[EventType "swiss"]
[EventRounds "5"]
[EventCountry "GER"]
[SourceTitle "EXT 2011"]
[Source "ChessBase"]
[SourceDate "2010.11.26"]
[SourceVersion "1"]
[SourceVersionDate "2010.11.26"]
[SourceQuality "1"]

1. d4 d5 2. c4 c6 3. Nc3 Nf6 4. Nf3 e6 5. cxd5 exd5 6. Bf4 Bd6 7. Bxd6 Qxd6 8. e3 0-0 9. Bd3 Re8 10. Qc2 Be6 11. 0-0 Nbd7 12. Rac1 Rac8 13. Ng5 Nf8 14. Qa4 a6 15. b4 Bg4 16. Be2 Bxe2 17. Nxe2 Ng4 18. Nf3 Ng6 19. Ng3 Qf6 20. h3 Nh6 21. Qb3 Nh4 22. Ne5 Qg5 23. Qd1 N6f5 24. Qh5 Qxh5 25. Nxh5 Re7 26. Nf4 Rce8 27. Rc2 f6 28. Ned3 Kf7 29. Nc5 g5 30. Nfd3 Rg8 31. g3 Ng6 32. a4 Nd6 33. Kh2 h5 34. Rb2 Nf8 35. Re2 Ne6 36. Nxe6 Rxe6 37. Nc5 Re7 38. Rfe1 Rge8 39. Kg2 Kg6 40. Kf3 f5 41. Nd3 Nc4 42. Rb1 g4+ 43. Kg2 Nd6 44. Reb2 Nc4 45. Ra2 Nd6 46. Raa1 Rh7 47. h4 Kf6 48. Nf4 Rc8 49. b5 axb5 50. axb5 Nxb5 51. Nxd5+ Ke6 52. Nf4+ Kd6 53. Rd1 Nc3 54. Rd3 Nd5 55. Nxd5 Kxd5 56. Ra5+ b5 57. Rc3 Rhc7 58. Rc5+ Ke6 59. Ra1 Rf8 60. Re1 Kd6 61. Kf1 b4 62. Ke2 b3 63. Kd2 Rf6 64. Rb1 Rb7 65. Kc3 Rb5 66. Rxb5 cxb5 67. Rxb3 Kc6 68. Kb4 Rf7 69. Rc3+ Kd6 70. Rc5 1-0

[Event "Nuremberg Zabo op 12th"]
[Site "Nuremberg"]
[Date "2010.09.17"]
[Round "1"]
[White "Tong, Lukas Fabian Chuan"]
[Black "Berntgen, Henri"]
[Result "1-0"]
[WhiteElo "1932"]
[BlackElo "1438"]
[PlyCount "47"]
[EventDate "2010.09.17"]
[EventType "swiss"]
[EventRounds "5"]
[EventCountry "GER"]
[SourceTitle "EXT 2011"]
[Source "ChessBase"]
[SourceDate "2010.11.26"]
[SourceVersion "1"]
[SourceVersionDate "2010.11.26"]
[SourceQuality "1"]

1. d4 e6 2. c4 Nf6 3. Nc3 d5 4. Nf3 b6 5. cxd5 exd5 6. Bf4 Bd6 7. Bxd6 Qxd6 8. e3 Bb7 9. Bd3 Nc6 10. 0-0 0-0 11. a3 Ne7 12. Nb5 Qd8 13. b4 c6 14. Nc3 Re8 15. Qb3 Qc7 16. Rac1 Nd7 17. Nxd5 Nxd5 18. Qxd5 Qxh2+ 19. Kxh2 cxd5 20. Rc7 Bc8 21. Bb5 Rd8 22. Bc6 Rb8 23. Bxd5 Rf8 24. Rfc1 1-0

[Event "Mittelfranken-ch HT 59th"]
[Site "Forchheim"]
[Date "2010.04.03"]
[Round "9"]
[White "Tong, Lukas Fabian Chuan"]
[Black "Rosin, Ralf"]
[Result "1/2-1/2"]
[WhiteElo "1908"]
[BlackElo "2008"]
[PlyCount "87"]
[EventDate "2010.03.30"]
[EventType "swiss"]
[EventRounds "9"]
[EventCountry "GER"]
[SourceTitle "EXT 2011"]
[Source "ChessBase"]
[SourceDate "2010.11.26"]
[SourceVersion "1"]
[SourceVersionDate "2010.11.26"]
[SourceQuality "1"]

1. d4 d5 2. c4 c6 3. Nc3 Nf6 4. Nf3 e6 5. e3 Nbd7 6. Bd3 dxc4 7. Bxc4 b5 8. Bd3 Bb7 9. 0-0 b4 10. Ne4 Nxe4 11. Bxe4 Be7 12. Qa4 Qb6 13. Bd2 0-0 14. Rfc1 Rfc8 15. a3 a5 16. Ne1 e5 17. Nf3 exd4 18. Nxd4 Nc5 19. Qc2 Nxe4 20. Qxe4 Bf6 21. axb4 axb4 22. Rxa8 Bxa8 23. Nb3 c5 24. Qf5 Rd8 25. Qxc5 Qxc5 26. Rxc5 Bxb2 27. h3 g6 28. Bxb4 Rb8 29. Bc3 Bxc3 30. Rxc3 Bd5 31. Nd4 Kg7 32. Kh2 Kf6 33. Kg3 Ra8 34. f3 Rd8 35. Rd3 Bc4 36. Rd2 Ra8 37. e4 Ra3 38. h4 Ra5 39. Rb2 h5 40. Kf4 Ra1 41. Nc6 Rh1 42. g3 Kg7 43. Ne7 Be6 44. Rd2 1/2-1/2

[Event "Mittelfranken-ch HT 59th"]
[Site "Forchheim"]
[Date "2010.04.02"]
[Round "7"]
[White "Tong, Lukas Fabian Chuan"]
[Black "Wittmann, Helmut"]
[Result "0-1"]
[WhiteElo "1908"]
[BlackElo "2043"]
[PlyCount "64"]
[EventDate "2010.03.30"]
[EventType "swiss"]
[EventRounds "9"]
[EventCountry "GER"]
[SourceTitle "EXT 2011"]
[Source "ChessBase"]
[SourceDate "2010.11.26"]
[SourceVersion "1"]
[SourceVersionDate "2010.11.26"]
[SourceQuality "1"]

1. d4 e6 2. c4 Bb4+ 3. Bd2 Be7 4. Nc3 d5 5. Bf4 c5 6. dxc5 Nf6 7. Nb5 Bxc5 8. Nc7+ Qxc7 9. Bxc7 Bb4+ 10. Qd2 Bxd2+ 11. Kxd2 Na6 12. Bg3 Ne4+ 13. Kd1 dxc4 14. f3 Nxg3 15. hxg3 0-0 16. e4 Rd8+ 17. Kc2 Bd7 18. Nh3 e5 19. Be2 Ba4+ 20. Kc3 b5 21. a3 Nc5 22. Nf2 Bb3 23. Bd1 Na4+ 24. Kb4 Rdb8 25. Ka5 Nxb2 26. Bxb3 cxb3 27. Kb4 Rd8 28. Nd1 Nc4 29. Kxb3 Rd3+ 30. Kb4 Rb8 31. a4 a5+ 32. Kc5 Rc8+ 0-1

[Event "Mittelfranken-ch HT 59th"]
[Site "Forchheim"]
[Date "2010.04.01"]
[Round "6"]
[White "Tong, Lukas Fabian Chuan"]
[Black "Liepold, Stefan"]
[Result "1/2-1/2"]
[WhiteElo "1908"]
[BlackElo "2191"]
[PlyCount "64"]
[EventDate "2010.03.30"]
[EventType "swiss"]
[EventRounds "9"]
[EventCountry "GER"]
[SourceTitle "EXT 2011"]
[Source "ChessBase"]
[SourceDate "2010.11.26"]
[SourceVersion "1"]
[SourceVersionDate "2010.11.26"]
[SourceQuality "1"]

1. d4 Nf6 2. c4 g6 3. Nc3 d5 4. Nf3 Bg7 5. Bf4 0-0 6. e3 c5 7. dxc5 Qa5 8. Qd2 dxc4 9. Bxc4 Qxc5 10. Bb3 Nc6 11. 0-0 Bf5 12. Qe2 Na5 13. Nd2 Rfd8 14. e4 Bg4 15. Qe3 Nxb3 16. Nxb3 Qb4 17. f3 Be6 18. Qc5 Qxc5+ 19. Nxc5 Bc4 20. Rfd1 b6 21. Nb3 Rac8 22. Rxd8+ Rxd8 23. Rd1 Rxd1+ 24. Nxd1 Nd7 25. Bd2 Kf8 26. Bc3 Bxc3 27. bxc3 a5 28. Nb2 Bxb3 29. axb3 Ke8 30. Kf2 Kd8 31. Ke3 Nc5 32. b4 Na6 1/2-1/2

[Event "Mittelfranken-ch HT 59th"]
[Site "Forchheim"]
[Date "2010.03.31"]
[Round "3"]
[White "Rausch, Wolfgang"]
[Black "Tong, Lukas Fabian Chuan"]
[Result "1/2-1/2"]
[WhiteElo "2015"]
[BlackElo "1908"]
[PlyCount "148"]
[EventDate "2010.03.30"]
[EventType "swiss"]
[EventRounds "9"]
[EventCountry "GER"]
[SourceTitle "EXT 2011"]
[Source "ChessBase"]
[SourceDate "2010.11.26"]
[SourceVersion "1"]
[SourceVersionDate "2010.11.26"]
[SourceQuality "1"]

1. d4 e6 2. Nf3 Nf6 3. Bg5 d5 4. Nbd2 Be7 5. e3 b6 6. Ne5 Bb7 7. c3 h6 8. Bf4 0-0 9. Bd3 c5 10. 0-0 Nc6 11. Qe2 Nxe5 12. dxe5 Ne4 13. Rad1 Qc7 14. Qg4 Kh8 15. h4 Qc6 16. Qh3 f5 17. exf6 Bxf6 18. Nxe4 dxe4 19. Be2 e5 20. Bg5 Bc8 21. Qh2 Be6 22. b3 Rad8 23. Bxf6 gxf6 24. h5 Rd7 25. Qh4 Bf5 26. Rxd7 Qxd7 27. Rd1 Qe7 28. Bg4 Qe6 29. Bxf5 Qxf5 30. Rd6 Kg7 31. Kh2 Rf7 32. Rd8 Rf8 33. Rd2 Kf7 34. g4 Qe6 35. g5 fxg5 36. Qxe4 Kg7 37. f4 Rf5 38. Qb7+ Rf7 39. Qb8 Qf5 40. Qxe5+ Qxe5 41. fxe5 Re7 42. Rd5 Kf7 43. Kg3 Ke6 44. Rd6+ Kxe5 45. Rxh6 Kf5 46. Kf2 g4 47. Rg6 Rh7 48. e4+ Kxe4 49. Rxg4+ Kd3 50. Rg3+ Kc2 51. Rh3 Kb2 52. b4 cxb4 53. cxb4 Kxa2 54. b5 Rh6 55. Ke2 Kb2 56. Kd2 Rd6+ 57. Rd3 Rh6 58. Rd5 Kb3 59. Kd3 Kb4 60. Ke4 Ka5 61. Kf4 a6 62. Kg5 Rh8 63. bxa6+ Kxa6 64. Kg6 b5 65. Kg7 Rc8 66. Rf5 Ka5 67. h6 Ka4 68. h7 b4 69. Rf8 Rc7+ 70. Rf7 Rc8 71. Ra7+ Kb3 72. h8Q Rxh8 73. Kxh8 Kb2 74. Kg7 b3 1/2-1/2

[Event "Mittelfranken-ch HT 59th"]
[Site "Forchheim"]
[Date "2010.03.30"]
[Round "2"]
[White "Tong, Lukas Fabian Chuan"]
[Black "Suess, Stefan"]
[Result "1/2-1/2"]
[WhiteElo "1908"]
[BlackElo "1929"]
[PlyCount "30"]
[EventDate "2010.03.30"]
[EventType "swiss"]
[EventRounds "9"]
[EventCountry "GER"]
[SourceTitle "EXT 2011"]
[Source "ChessBase"]
[SourceDate "2010.11.26"]
[SourceVersion "1"]
[SourceVersionDate "2010.11.26"]
[SourceQuality "1"]

1. d4 d5 2. c4 c6 3. Nc3 Nf6 4. Nf3 a6 5. Bg5 Ne4 6. Bf4 Nxc3 7. bxc3 g6 8. e3 Bg7 9. cxd5 cxd5 10. Bd3 0-0 11. 0-0 Nc6 12. Qb3 Na5 13. Qb4 Nc6 14. Qb3 Na5 15. Qb4 Nc6 1/2-1/2

[Event "Mittelfranken-chTB2a 0910"]
[Site "Mittelfranken"]
[Date "2010.02.21"]
[Round "7.7"]
[White "Tong, Lukas Fabian Chuan"]
[Black "Kunstmann, Juergen"]
[Result "1-0"]
[WhiteElo "1864"]
[BlackElo "1649"]
[PlyCount "85"]
[EventDate "2009.10.11"]
[EventType "team-tourn"]
[EventRounds "9"]
[EventCountry "GER"]
[SourceTitle "EXT 2011"]
[Source "ChessBase"]
[SourceDate "2010.11.26"]
[SourceVersion "1"]
[SourceVersionDate "2010.11.26"]
[SourceQuality "1"]
[WhiteTeam "Erlangen SC II"]
[BlackTeam "Fuerth SF II"]
[WhiteTeamCountry "GER"]
[BlackTeamCountry "GER"]

1. d4 d5 2. c4 e6 3. Nc3 Nf6 4. Nf3 Be7 5. Bf4 Nbd7 6. e3 Nh5 7. Bg3 Nxg3 8. hxg3 dxc4 9. Bxc4 Nb6 10. Bd3 h6 11. Qc2 c6 12. 0-0 Nd5 13. a3 0-0 14. Rfd1 Nxc3 15. Qxc3 Qb6 16. Rac1 Bd7 17. Ne5 Rfd8 18. b4 Bf6 19. Be2 Bxe5 20. dxe5 Be8 21. Rd6 Rd7 22. Rcd1 Rad8 23. Qc5 Qxc5 24. bxc5 Kf8 25. Rb1 Ke7 26. f4 Kf8 27. Kf2 g6 28. Bc4 Kg7 29. Kf3 Rb8 30. Rxc6 Rdd8 31. Rc7 Bc6+ 32. Ke2 Re8 33. Bb5 Rbc8 34. Bxc6 bxc6 35. Rbb7 Rxc7 36. Rxc7 Rd8 37. Rxc6 Rd5 38. a4 a5 39. Rc8 f6 40. Rc7+ Kf8 41. exf6 e5 42. c6 exf4 43. gxf4 1-0

[Event "Nuremberg Zabo op 11th"]
[Site "Nuremberg"]
[Date "2009.09.20"]
[Round "4"]
[White "Van Ginkel, M Pieter"]
[Black "Tong, Lukas Fabian Chuan"]
[Result "1/2-1/2"]
[WhiteElo "2201"]
[BlackElo "1854"]
[PlyCount "92"]
[EventDate "2009.09.18"]
[EventType "swiss"]
[EventRounds "5"]
[EventCountry "GER"]
[SourceTitle "EXT 2012"]
[Source "ChessBase"]
[SourceDate "2011.11.24"]
[SourceVersion "1"]
[SourceVersionDate "2011.11.24"]
[SourceQuality "1"]

1. d4 Nf6 2. c4 e6 3. Bg5 d5 4. Nc3 Bb4 5. e3 h6 6. Bh4 0-0 7. Nf3 b6 8. cxd5 exd5 9. Rc1 Bb7 10. Be2 Nbd7 11. 0-0 Be7 12. Qa4 c5 13. Rfd1 a6 14. dxc5 bxc5 15. Qf4 Rc8 16. Qf5 Qb6 17. b3 Qe6 18. Bd3 Rfd8 19. Na4 Rc6 20. Rc2 Qxf5 21. Bxf5 g5 22. Bg3 c4 23. Nd4 Rcc8 24. Bxd7 Nxd7 25. Nf5 Bf8 26. bxc4 dxc4 27. f3 Nf6 28. Rxd8 Rxd8 29. Nb6 Rd1+ 30. Kf2 c3 31. Ke2 Rg1 32. Kd3 g4 33. Be5 gxf3 34. gxf3 Ne8 35. e4 Rf1 36. Ke2 Rg1 37. Bxc3 Rg2+ 38. Kd3 Rxc2 39. Kxc2 Nd6 40. Ne3 f5 41. e5 Nb5 42. f4 Kf7 43. Bb2 Ke6 44. Nbc4 h5 45. a4 Nc7 46. Nd6 Bxd6 1/2-1/2

[Event "Nuremberg Zabo op 11th"]
[Site "Nuremberg"]
[Date "2009.09.19"]
[Round "2"]
[White "Redzepovic, Irfan"]
[Black "Tong, Lukas Fabian Chuan"]
[Result "0-1"]
[WhiteElo "2108"]
[BlackElo "1854"]
[PlyCount "120"]
[EventDate "2009.09.18"]
[EventType "swiss"]
[EventRounds "5"]
[EventCountry "GER"]
[SourceTitle "EXT 2012"]
[Source "ChessBase"]
[SourceDate "2011.11.24"]
[SourceVersion "1"]
[SourceVersionDate "2011.11.24"]
[SourceQuality "1"]

1. d4 Nf6 2. Nf3 e6 3. g3 d5 4. Bg2 b6 5. c4 Bb7 6. Ne5 Be7 7. Qa4+ Nfd7 8. Nc3 c6 9. Nd3 dxc4 10. Nf4 b5 11. Qc2 Qb6 12. 0-0 Nf6 13. Rd1 0-0 14. e4 Rd8 15. e5 Nd5 16. Ne4 Nd7 17. Qe2 Nf8 18. Nh5 c5 19. dxc5 Bxc5 20. Bg5 Be7 21. Qg4 Ng6 22. Bf4 Ndxf4 23. gxf4 Rxd1+ 24. Rxd1 Rd8 25. Re1 Qa5 26. Re3 Rd3 27. Nef6+ gxf6 28. exf6 Bc5 29. Rxe6 fxe6 30. Qxe6+ Kf8 31. Bxb7 Qc7 32. Bc6 Qd8 33. Be4 Rd1+ 34. Kg2 Rd2 35. Qc6 Rxf2+ 36. Kg3 Bb6 37. Ng7 Nxf4 38. Bxh7 Ne2+ 39. Kg4 Qd4+ 40. Be4 Rf4+ 41. Kg5 Qc5+ 42. Qxc5+ Bxc5 43. Ne6+ Kf7 44. Nxf4 Be3 45. Kf5 Nxf4 46. h4 Nd3 47. b3 Kf8 48. bxc4 bxc4 49. h5 Nc5 50. Bc2 Kf7 51. Bd1 c3 52. Bc2 Bd2 53. Bd1 Ne6 54. Ke5 Nc5 55. Kf5 Na6 56. Bb3+ Kf8 57. a3 Nc5 58. Bc2 Kf7 59. a4 Na6 60. Bb3+ Kf8 0-1

[Event "Berlin Lichtenberger op 8th"]
[Site "Berlin"]
[Date "2009.08.19"]
[Round "5"]
[White "Koischwitz, Wanja"]
[Black "Tong, Lukas Fabian Chuan"]
[Result "0-1"]
[WhiteElo "1720"]
[BlackElo "1869"]
[PlyCount "79"]
[EventDate "2009.08.15"]
[EventType "swiss"]
[EventRounds "9"]
[EventCountry "GER"]
[SourceTitle "CBM 131 Extra"]
[Source "ChessBase"]
[SourceDate "2009.09.03"]
[SourceVersion "2"]
[SourceVersionDate "2009.09.16"]
[SourceQuality "1"]

1. d4 Nf6 2. Nf3 e6 3. e3 d5 4. Bd3 c5 5. c3 Nc6 6. 0-0 Bd6 7. Nbd2 0-0 8. dxc5 Bxc5 9. b4 Be7 10. b5 Nb8 11. Bb2 a6 12. a4 Nbd7 13. Nb3 Qc7 14. Qe2 Nc5 15. Nxc5 Bxc5 16. c4 Be7 17. Rac1 Qa5 18. Ra1 Rd8 19. Rfc1 dxc4 20. Rxc4 Bd7 21. Ne5 axb5 22. Rf4 Be8 23. Ng4 Nd5 24. Nh6+ gxh6 25. Rg4+ Bg5 26. Rxg5+ hxg5 27. Qh5 f6 28. Qxh7+ Kf8 29. Qh8+ Ke7 30. Ba3+ b4 31. Qg7+ Kd6 32. Qf8+ Kc7 33. Rc1+ Bc6 34. Qf7+ Rd7 35. Qxe6 bxa3 36. e4 Qd2 37. Rxc6+ bxc6 38. exd5 cxd5 39. Bb5 Qc1+ 40. Bf1 0-1

[Event "Berlin qualification op"]
[Site "Berlin"]
[Date "2009.04.18"]
[Round "8"]
[White "Tong, Lukas Fabian Chuan"]
[Black "Strehlow, Horst"]
[Result "1-0"]
[WhiteElo "1843"]
[BlackElo "2129"]
[PlyCount "59"]
[EventDate "2009.04.11"]
[EventType "swiss"]
[EventRounds "9"]
[EventCountry "GER"]
[SourceTitle "EXT 2012"]
[Source "ChessBase"]
[SourceDate "2011.11.24"]
[SourceVersion "1"]
[SourceVersionDate "2011.11.24"]
[SourceQuality "1"]

1. d4 d5 2. c4 e6 3. Nc3 c6 4. Nf3 dxc4 5. e3 b5 6. a4 Bb4 7. Bd2 a5 8. axb5 Bxc3 9. Bxc3 cxb5 10. b3 Bb7 11. bxc4 b4 12. Bd2 Nf6 13. Ne5 0-0 14. f3 Nc6 15. Nd3 Nd7 16. Be2 Ba6 17. Qb3 Nb6 18. Nc5 Nxd4 19. exd4 Qxd4 20. Rxa5 Bxc4 21. Qxb4 Rxa5 22. Qxa5 Qe5 23. Ne4 Qd4 24. Bxc4 Nxc4 25. Qc3 Qd5 26. Bf4 f5 27. Nd2 Rc8 28. 0-0 e5 29. Nxc4 exf4 30. Nb6 1-0

[Event "Berlin Lichtenberger op 7th"]
[Site "Berlin"]
[Date "2008.08.23"]
[Round "8"]
[White "Tong, Lukas Fabian Chuan"]
[Black "Poseck, Steffen"]
[Result "0-1"]
[WhiteElo "1798"]
[BlackElo "2107"]
[PlyCount "90"]
[EventDate "2008.08.16"]
[EventType "swiss"]
[EventRounds "9"]
[EventCountry "GER"]
[SourceTitle "CBM 126 Extra"]
[Source "ChessBase"]
[SourceDate "2008.11.05"]
[SourceVersion "1"]
[SourceVersionDate "2008.11.05"]
[SourceQuality "1"]

1. d4 Nf6 2. c4 g6 3. Nc3 d5 4. Nf3 Bg7 5. Bf4 c5 6. dxc5 Qa5 7. Qd2 dxc4 8. e3 0-0 9. Bxc4 Qxc5 10. Be2 Nc6 11. Rc1 Qa5 12. 0-0 Bf5 13. Rfd1 e5 14. Bg3 e4 15. Nd4 Nxd4 16. Qxd4 Nh5 17. Qd5 Qxd5 18. Rxd5 Nxg3 19. fxg3 Rfd8 20. Rcd1 Rxd5 21. Rxd5 Rc8 22. Na4 Be6 23. Rc5 Rxc5 24. Nxc5 Bxa2 25. Nxe4 Bxb2 26. Nd6 Bd5 27. Bf3 Bxf3 28. gxf3 a5 29. Nxb7 a4 30. Nc5 a3 31. Nb3 a2 32. f4 a1Q+ 33. Nxa1 Bxa1 34. Kf2 f6 35. h4 Kf7 36. Kf3 Bc3 37. e4 Ke6 38. Kg4 Be1 39. Kh3 f5 40. exf5+ Kxf5 41. h5 Bd2 42. Kh4 Be3 43. Kh3 Bxf4 44. gxf4 Kxf4 45. hxg6 hxg6 0-1

[Event "Berlin Lichtenberger op 7th"]
[Site "Berlin"]
[Date "2008.08.19"]
[Round "4"]
[White "Tong, Lukas Fabian Chuan"]
[Black "Kasper, Peter"]
[Result "1/2-1/2"]
[WhiteElo "1798"]
[BlackElo "1587"]
[PlyCount "109"]
[EventDate "2008.08.16"]
[EventType "swiss"]
[EventRounds "9"]
[EventCountry "GER"]
[SourceTitle "CBM 126 Extra"]
[Source "ChessBase"]
[SourceDate "2008.11.05"]
[SourceVersion "1"]
[SourceVersionDate "2008.11.05"]
[SourceQuality "1"]

1. d4 d5 2. c4 e6 3. Nc3 Nf6 4. Nf3 Be7 5. Bf4 Nbd7 6. Nb5 Bb4+ 7. Nd2 e5 8. dxe5 Nh5 9. e3 Nxf4 10. exf4 a6 11. Nd4 dxc4 12. a3 Bxd2+ 13. Qxd2 c5 14. Nf3 b5 15. a4 Nb6 16. Qxd8+ Kxd8 17. Ng5 Ke7 18. axb5 axb5 19. Rxa8 Nxa8 20. Ne4 Bf5 21. Nd6 Bd7 22. Be2 Bc6 23. Rg1 Nc7 24. Nf5+ Kf8 25. Kd2 g6 26. Nd6 Ke7 27. Ra1 Ra8 28. Rxa8 Bxa8 29. g3 Bc6 30. Kc2 Ne8 31. Nc8+ Ke6 32. Bg4+ f5 33. exf6+ Kxf6 34. Na7 Be4+ 35. Kd2 Nd6 36. Be2 Bd5 37. Kc2 Ke7 38. Kd2 b4 39. Bd1 b3 40. g4 Kd7 41. f5 gxf5 42. gxf5 Nxf5 43. Bg4 Be6 44. Bxf5 Bxf5 45. Nb5 Ke6 46. Nc3 Ke5 47. Ke3 Bg6 48. Na4 Kd6 49. Nc3 Bf5 50. Kf4 Ke6 51. Nb5 Kf6 52. Nc3 Bc2 53. Nd5+ Ke6 54. Nc3 Kf6 55. Nd5+ 1/2-1/2

[Event "Berlin Lichtenberger op 7th"]
[Site "Berlin"]
[Date "2008.08.16"]
[Round "1"]
[White "Kiesekamp, Marcos"]
[Black "Tong, Lukas Fabian Chuan"]
[Result "1-0"]
[WhiteElo "2316"]
[BlackElo "1798"]
[PlyCount "47"]
[EventDate "2008.08.16"]
[EventType "swiss"]
[EventRounds "9"]
[EventCountry "GER"]
[SourceTitle "CBM 126 Extra"]
[Source "ChessBase"]
[SourceDate "2008.11.05"]
[SourceVersion "1"]
[SourceVersionDate "2008.11.05"]
[SourceQuality "1"]

1. d4 Nf6 2. c4 e6 3. Nc3 Bb4 4. Bg5 b6 5. e4 h6 6. Bxf6 Qxf6 7. e5 Qe7 8. Qf3 Nc6 9. Bd3 Bb7 10. Nge2 0-0 11. Qe4 f5 12. Qe3 Nd8 13. Nf4 Bxc3+ 14. bxc3 Qa3 15. 0-0 Nf7 16. d5 exd5 17. Bxf5 Rfe8 18. e6 Nd8 19. cxd5 Qd6 20. Qg3 g5 21. exd7 Rf8 22. Be6+ Kh7 23. Qd3+ Kg7 24. Qg6+ 1-0

[Event "GER-chT U12"]
[Site "Verden an der Aller"]
[Date "2007.12.30"]
[Round "7.1"]
[White "Tong, Lukas Fabian Chuan"]
[Black "Zoller, Philipp"]
[Result "1-0"]
[WhiteElo "1575"]
[BlackElo "1049"]
[PlyCount "79"]
[EventDate "2007.12.27"]
[EventType "team-swiss"]
[EventRounds "7"]
[EventCountry "GER"]
[SourceTitle "EXT 2009"]
[Source "ChessBase"]
[SourceDate "2008.11.26"]
[SourceVersion "1"]
[SourceVersionDate "2008.11.26"]
[SourceQuality "1"]
[WhiteTeam "Berlin Empor U12"]
[BlackTeam "Unterkochen U12"]
[WhiteTeamCountry "GER"]
[BlackTeamCountry "GER"]

1. d4 Nf6 2. c4 g6 3. Nc3 Bg7 4. e4 d6 5. f3 0-0 6. Be3 Nbd7 7. Nge2 c5 8. d5 Ne5 9. Nc1 Ne8 10. g4 f5 11. gxf5 gxf5 12. Be2 Kh8 13. Qd2 Nf6 14. Nb3 b6 15. 0-0-0 Bd7 16. Rhg1 Rg8 17. Rg2 Nf7 18. Rdg1 Qf8 19. h4 h5 20. Kc2 a6 21. Nc1 Rd8 22. Nd3 b5 23. cxb5 axb5 24. Nf4 Ne5 25. Bxb5 Bxb5 26. Nxb5 Rc8 27. Nc3 Qf7 28. Ng6+ Nxg6 29. Rxg6 c4 30. Bh6 Bxh6 31. Qxh6+ Nh7 32. Qxh5 Ra8 33. Rxg8+ Qxg8 34. Rxg8+ Rxg8 35. Qxf5 Rf8 36. Qe6 Re8 37. Nb5 Rb8 38. Qxe7 Rxb5 39. Qe8+ Kg7 40. Qxb5 1-0

[Event "GER-chT U12"]
[Site "Verden an der Aller"]
[Date "2007.12.29"]
[Round "5.1"]
[White "Tong, Lukas Fabian Chuan"]
[Black "Volz, Alexander"]
[Result "1/2-1/2"]
[WhiteElo "1575"]
[BlackElo "1480"]
[PlyCount "91"]
[EventDate "2007.12.27"]
[EventType "team-swiss"]
[EventRounds "7"]
[EventCountry "GER"]
[SourceTitle "EXT 2009"]
[Source "ChessBase"]
[SourceDate "2008.11.26"]
[SourceVersion "1"]
[SourceVersionDate "2008.11.26"]
[SourceQuality "1"]
[WhiteTeam "Berlin Empor U12"]
[BlackTeam "Ettlingen U12"]
[WhiteTeamCountry "GER"]
[BlackTeamCountry "GER"]

1. d4 d5 2. c4 dxc4 3. Nf3 a6 4. a4 Nc6 5. e3 e5 6. d5 Na5 7. Nc3 Nb3 8. Rb1 Bd6 9. Bxc4 Nxc1 10. Rxc1 Nf6 11. Qc2 0-0 12. 0-0 Bd7 13. e4 Qe7 14. Ba2 Rac8 15. Qd3 Rfe8 16. Rfd1 h6 17. h3 Red8 18. Bb3 Re8 19. Rc2 Red8 20. Rdc1 Nh5 21. Qd1 Nf4 22. Ne2 Nxe2+ 23. Qxe2 Qe8 24. a5 Bb5 25. Bc4 Ba4 26. b3 Bd7 27. Qd2 Qe7 28. Qc3 Re8 29. Ra1 Bb4 30. Qd3 Bd6 31. Qd1 Red8 32. Be2 Re8 33. Nh2 Rf8 34. Nf1 Rfe8 35. Ne3 Rf8 36. Qc1 Rfe8 37. Bg4 Bxg4 38. Nxg4 Qg5 39. Ne3 Red8 40. Ra4 Qe7 41. Nf5 Qd7 42. Nxd6 cxd6 43. Rxc8 Rxc8 44. Rc4 Rxc4 45. Qxc4 g6 46. b4 1/2-1/2

[Event "GER-chT U12"]
[Site "Verden an der Aller"]
[Date "2007.12.27"]
[Round "1.1"]
[White "Tong, Lukas Fabian Chuan"]
[Black "Urban, Lars"]
[Result "1/2-1/2"]
[WhiteElo "1575"]
[BlackElo "1657"]
[PlyCount "108"]
[EventDate "2007.12.27"]
[EventType "team-swiss"]
[EventRounds "7"]
[EventCountry "GER"]
[SourceTitle "EXT 2009"]
[Source "ChessBase"]
[SourceDate "2008.11.26"]
[SourceVersion "1"]
[SourceVersionDate "2008.11.26"]
[SourceQuality "1"]
[WhiteTeam "Berlin Empor U12"]
[BlackTeam "Erfurt Empor U12"]
[WhiteTeamCountry "GER"]
[BlackTeamCountry "GER"]

1. d4 d5 2. c4 e6 3. Nc3 Nf6 4. Nf3 Nbd7 5. Bf4 c6 6. e3 Be7 7. Bd3 0-0 8. 0-0 Nh5 9. Bg3 Nxg3 10. hxg3 Re8 11. cxd5 exd5 12. Qc2 h6 13. Rad1 Nf6 14. e4 dxe4 15. Nxe4 Bg4 16. Nc3 Nd5 17. Nxd5 Qxd5 18. Bc4 Qh5 19. Qb3 Bxf3 20. Qxf3 Qxf3 21. gxf3 Bf6 22. Rd3 Rad8 23. b4 Rxd4 24. Rxd4 Bxd4 25. Rd1 Rd8 26. Kf1 Kf8 27. Rd3 f6 28. Ke2 Ke7 29. a4 Rd6 30. f4 a6 31. g4 b5 32. axb5 cxb5 33. Bb3 Bb2 34. Bd5 Bc3 35. Rxc3 Rxd5 36. Ke3 Kd7 37. Ra3 Rd6 38. Ke4 Kc7 39. Kf5 Kb6 40. Kg6 Rd4 41. Rb3 Rxf4 42. f3 a5 43. bxa5+ Kxa5 44. Kxg7 Ka4 45. Re3 b4 46. Re8 Rxf3 47. Kxh6 Rf4 48. Kh5 Ka3 49. Ra8+ Kb2 50. Ra4 Kb3 51. Ra6 Kc3 52. Rc6+ Kd4 53. Rb6 Kc5 54. Rb8 Kc4 1/2-1/2